Sonic the Hedgehog- Select the Option - Statistics

General Stats
  • This quiz has been taken 130 times
  • The average score is 13 of 15
Answer Stats
Question Answer % Correct
Sonic's best friend's name is Miles 'Tails' Prower
99%
Who is the fastest thing alive? Sonic
99%
Sonic is the leader of Team Sonic
98%
Sonic's favourite food is Chili Dog
97%
Where does Sonic stay? Green Hill Zone
96%
Who are the members of Team Dark Shadow, Rouge , Omega
96%
What are the things that make Sonic transform? Chaos Emeralds
95%
Sonic is published by Sega
95%
Person who calls him self 'The Ultimate Life Form' Shadow
94%
Sonic was made in 1991
90%
In the Sonic Movie, who was Dr. Eggman Jim Carrey
90%
What is the nickname Sonic gives to Dr. Eggman Egghead
88%
Sonic is _______ years old 15
83%
Chaos is a/the God of Chao
45%
The 3rd fastest person in the Sonic universe Shadow
27%
No matching quizzes found
Score Distribution
Percent of People with Each Score
Percentile by Number Answered
Your Score History
You have not taken this quiz